[Event "SR 2. liga A 2012/2013"]
[Site "?"]
[Date "2013.02.02"]
[Round "41.1"]
[White "Cajka, Tibor"]
[Black "Kovacocy, Pavel"]
[Result "1/2-1/2"]
[WhiteElo "2170"]
[BlackElo "2221"]
[PlyCount "40"]
[EventDate "2012.??.??"]
[WhiteTeam "Osuske B"]
[BlackTeam "Trnava B"]

1. d4 g6 2. Nf3 Bg7 3. c3 Nf6 4. Bg5 Ne4 5. Bf4 c5 6. e3 cxd4 7. exd4 d5 8.
Nbd2 Bg4 9. Qa4+ Bd7 10. Qc2 Nxd2 11. Qxd2 Nc6 12. Bb5 O-O 13. O-O Qb6 14. Bxc6
bxc6 15. Ne5 Bf5 16. b4 Rac8 17. Nd3 Bxd3 18. Qxd3 f6 19. Be3 a5 20. a4 Qc7
1/2-1/2

[Event "SR 2. liga A 2012/2013"]
[Site "?"]
[Date "2013.02.02"]
[Round "41.2"]
[White "Drtina, Milan"]
[Black "Bury, Rastislav"]
[Result "1/2-1/2"]
[WhiteElo "2202"]
[BlackElo "2099"]
[PlyCount "22"]
[EventDate "2012.??.??"]
[WhiteTeam "Trnava B"]
[BlackTeam "Osuske B"]

1. e4 c5 2. c4 Nc6 3. Ne2 e5 4. g3 g6 5. Bg2 Bg7 6. O-O d6 7. Nbc3 Nge7 8. d3
O-O 9. f4 exf4 10. Bxf4 Bg4 11. Qd2 Nd4 1/2-1/2

[Event "SR 2. liga A 2012/2013"]
[Site "?"]
[Date "2013.02.02"]
[Round "41.3"]
[White "Jozefek, Michal"]
[Black "Arendas, Marek"]
[Result "1-0"]
[WhiteElo "2060"]
[BlackElo "2085"]
[PlyCount "67"]
[EventDate "2012.??.??"]
[WhiteTeam "Osuske B"]
[BlackTeam "Trnava B"]

1. d4 d5 2. c4 c6 3. Nf3 Nf6 4. e3 e6 5. b3 Nbd7 6. Bd3 b6 7. O-O Be7 8. Bb2
Bb7 9. Nc3 Rc8 10. Ne5 dxc4 11. bxc4 Nxe5 12. dxe5 Nd7 13. f4 Nc5 14. Be2 Qxd1
15. Rfxd1 O-O 16. Ba3 Rfd8 17. Na4 Kf8 18. Nxc5 bxc5 19. Kf2 Ke8 20. Rab1 Rxd1
21. Rxd1 Rd8 22. Rb1 Ba6 23. Bc1 Kd7 24. Rb3 Kc7 25. Ra3 Kb7 26. Ke1 f6 27.
exf6 Bxf6 28. Bd2 e5 29. Ba5 Rd6 30. Rb3+ Ka8 31. Bc7 Rd8 32. Bf3 Bb7 33. Bxd8
Bxd8 34. fxe5 1-0

[Event "SR 2. liga A 2012/2013"]
[Site "?"]
[Date "2013.02.02"]
[Round "41.4"]
[White "Hertel, Ondrej"]
[Black "Spacek, Oliver"]
[Result "0-1"]
[WhiteElo "2079"]
[BlackElo "1977"]
[PlyCount "60"]
[EventDate "2012.??.??"]
[WhiteTeam "Trnava B"]
[BlackTeam "Osuske B"]

1. d4 Nf6 2. Nf3 g6 3. Bg5 Bg7 4. e3 d5 5. Bd3 c5 6. c3 O-O 7. O-O Nc6 8. Nbd2
c4 9. Bc2 Bf5 10. Re1 Bxc2 11. Qxc2 h6 12. Bxf6 Bxf6 13. e4 e6 14. e5 Be7 15.
g3 b5 16. h4 a5 17. Kg2 b4 18. h5 Kg7 19. hxg6 fxg6 20. Rh1 a4 21. Rh2 a3 22.
Rah1 Rh8 23. b3 cxb3 24. Nxb3 Rc8 25. c4 dxc4 26. Qxc4 Nxe5 27. Qxe6 Nxf3 28.
Kxf3 Bg5 29. Re1 Re8 30. Qxe8 Qf6+ 0-1

[Event "SR 2. liga A 2012/2013"]
[Site "?"]
[Date "2013.02.02"]
[Round "41.5"]
[White "Polasek, Filip"]
[Black "Doucha, Ludvik"]
[Result "1-0"]
[WhiteElo "2093"]
[BlackElo "2072"]
[PlyCount "59"]
[EventDate "2012.??.??"]
[WhiteTeam "Osuske B"]
[BlackTeam "Trnava B"]

1. e4 e5 2. Nf3 d6 3. Nc3 g6 4. d4 exd4 5. Qxd4 f6 6. Bf4 Nc6 7. Bb5 Bd7 8.
Bxc6 bxc6 9. O-O Bg7 10. Rfe1 Ne7 11. Rad1 O-O 12. e5 fxe5 13. Bxe5 Bxe5 14.
Nxe5 Nf5 15. Qc4+ Kg7 16. Nxc6 Qf6 17. Ne4 Qf7 18. Qc3+ Kg8 19. Ng5 Qf6 20.
Ne7+ Nxe7 21. Qxf6 Rxf6 22. Rxe7 Rd8 23. Nxh7 Rf7 24. Rxf7 Kxf7 25. Re1 Rb8 26.
b3 Rb5 27. f4 Ra5 28. a4 Rc5 29. Ng5+ Kf6 30. Ne4+ 1-0

[Event "SR 2. liga A 2012/2013"]
[Site "?"]
[Date "2013.02.02"]
[Round "41.7"]
[White "Pericka, Tomas"]
[Black "Puchart, Vladimir"]
[Result "1-0"]
[WhiteElo "2029"]
[BlackElo "2051"]
[PlyCount "49"]
[EventDate "2012.??.??"]
[WhiteTeam "Osuske B"]
[BlackTeam "Trnava B"]

1. e4 c5 2. Nf3 d6 3. Bb5+ Bd7 4. Bxd7+ Nxd7 5. O-O Ngf6 6. Re1 e6 7. c3 Be7 8.
d4 cxd4 9. cxd4 d5 10. e5 Ne4 11. Nbd2 Nxd2 12. Bxd2 O-O 13. Rc1 Nb8 14. Qb3
Qd7 15. Qd3 Nc6 16. Ng5 Bxg5 17. Bxg5 Rfc8 18. a3 Rc7 19. Re3 Nxd4 20. Rh3
Rxc1+ 21. Bxc1 Rc8 22. Qxh7+ Kf8 23. Qh8+ Ke7 24. Bg5+ f6 25. Bxf6+ 1-0

[Event "SR 2. liga A 2012/2013"]
[Site "?"]
[Date "2013.02.02"]
[Round "41.8"]
[White "Sturdik, Igor"]
[Black "Diviak, Rastislav"]
[Result "1/2-1/2"]
[WhiteElo "2027"]
[BlackElo "2017"]
[PlyCount "35"]
[EventDate "2012.??.??"]
[WhiteTeam "Trnava B"]
[BlackTeam "Osuske B"]

1. e4 d6 2. d4 Nf6 3. Nc3 g6 4. f4 Bg7 5. Nf3 O-O 6. Bd3 Na6 7. O-O c5 8. d5
Bg4 9. h3 Bxf3 10. Qxf3 Nb4 11. a3 Nxd3 12. Qxd3 a6 13. a4 Qc7 14. a5 Nd7 15.
Be3 b5 16. axb6 Qxb6 17. Rfb1 Rfb8 18. Ra2 1/2-1/2

[Event "SR 2. liga A 2012/2013"]
[Site "?"]
[Date "2013.02.02"]
[Round "42.1"]
[White "Federic, Jozef"]
[Black "Kundrik, Peter"]
[Result "1-0"]
[WhiteElo "2299"]
[BlackElo "2248"]
[PlyCount "127"]
[EventDate "2012.??.??"]
[WhiteTeam "Modra B"]
[BlackTeam "Piestany"]

1. d4 Nf6 2. g3 g6 3. Bg2 Bg7 4. e4 O-O 5. Ne2 d6 6. O-O e5 7. Nbc3 exd4 8.
Nxd4 Re8 9. h3 Nbd7 10. Re1 Nc5 11. Nb3 Nfd7 12. Nd5 a5 13. Rb1 Nxb3 14. cxb3
Nc5 15. Bd2 c6 16. Nf4 f5 17. Bc3 Bxc3 18. bxc3 Qf6 19. exf5 Bxf5 20. Rxe8+
Rxe8 21. Rc1 Qe5 22. h4 d5 23. Qd4 Qxd4 24. cxd4 Nd7 25. f3 h5 26. Kf2 Kg7 27.
Bf1 Kf6 28. a3 Nf8 29. Rc5 Ra8 30. Ke3 Re8+ 31. Kd2 Ra8 32. Rc1 Re8 33. Ra1 Ra8
34. Re1 Rd8 35. Kc3 b6 36. Kd2 Ne6 37. Nxe6 Bxe6 38. Rc1 Bd7 39. Ba6 Ke7 40.
Bd3 Kf6 41. Re1 Bf5 42. Rc1 Bd7 43. Ke3 Rc8 44. Kf4 Rh8 45. Re1 Rg8 46. Re5 Rf8
47. g4 hxg4 48. fxg4 Rh8 49. Kg3 Re8 50. g5+ Kf7 51. h5 gxh5 52. Rxe8 Bxe8 53.
Kh4 Kg7 54. b4 axb4 55. axb4 Bg6 56. Be2 Be8 57. Bxh5 Bd7 58. Kg3 Kf8 59. Kf4
Ke7 60. Ke5 Bc8 61. Bg6 Bd7 62. Bf5 Be8 63. g6 Kf8 64. Kf6 1-0

[Event "SR 2. liga A 2012/2013"]
[Site "?"]
[Date "2013.02.02"]
[Round "42.2"]
[White "Abel, Peter"]
[Black "Banas, Kamil"]
[Result "1-0"]
[WhiteElo "2194"]
[BlackElo "2228"]
[PlyCount "77"]
[EventDate "2012.??.??"]
[WhiteTeam "Piestany"]
[BlackTeam "Modra B"]

1. c4 c5 2. Nc3 Nc6 3. g3 g6 4. Bg2 Bg7 5. Nf3 e5 6. d3 Nge7 7. O-O O-O 8. Bd2
d6 9. Ne1 Be6 10. Nd5 Qd7 11. Nc2 Rab8 12. Rb1 b5 13. b3 Kh8 14. Nce3 Ng8 15.
Bc3 Bh3 16. Qd2 Bxg2 17. Kxg2 b4 18. Bb2 Nd4 19. Nc2 f5 20. Nxd4 exd4 21. e3
dxe3 22. Qxe3 Bxb2 23. Rxb2 Rbe8 24. Qd2 Nf6 25. Nxf6 Rxf6 26. Re1 Rfe6 27.
Rxe6 Qxe6 28. d4 Kg7 29. f3 Kf6 30. Kf2 g5 31. Rb1 Kg6 32. dxc5 dxc5 33. Rd1 f4
34. Qd6 fxg3+ 35. Kxg3 Kf6 36. Qxc5 Qe5+ 37. Qxe5+ Rxe5 38. Rd6+ Kf5 39. Rd5
1-0

[Event "SR 2. liga A 2012/2013"]
[Site "?"]
[Date "2013.02.02"]
[Round "42.3"]
[White "Mydlarik, Martin"]
[Black "Mihalik, Marek"]
[Result "1/2-1/2"]
[WhiteElo "2114"]
[BlackElo "2019"]
[PlyCount "32"]
[EventDate "2012.??.??"]
[WhiteTeam "Modra B"]
[BlackTeam "Piestany"]

1. e4 c5 2. Nf3 d6 3. d4 cxd4 4. Nxd4 Nf6 5. Nc3 a6 6. a4 e5 7. Nf3 Be7 8. Bg5
O-O 9. Qd2 h6 10. Bxf6 Bxf6 11. Nd5 Bg4 12. Be2 Nc6 13. c3 Bxf3 14. Bxf3 Bg5
15. Qd3 Ne7 16. O-O Nxd5 1/2-1/2

[Event "SR 2. liga A 2012/2013"]
[Site "?"]
[Date "2013.02.02"]
[Round "42.4"]
[White "Bincik, Pavol"]
[Black "Mruskovic, Radoslav"]
[Result "1/2-1/2"]
[WhiteElo "1937"]
[BlackElo "1977"]
[PlyCount "82"]
[EventDate "2012.??.??"]
[WhiteTeam "Piestany"]
[BlackTeam "Modra B"]

1. d4 g6 2. c4 Bg7 3. Nc3 c5 4. Nf3 Nc6 5. e3 cxd4 6. Nxd4 Nf6 7. Be2 O-O 8.
O-O d5 9. cxd5 Nxd5 10. Nxd5 Qxd5 11. Bf3 Qc5 12. Nxc6 bxc6 13. Qa4 Rb8 14.
Qxc6 Qxc6 15. Bxc6 Ba6 16. Rd1 Bxb2 17. Bxb2 Rxb2 18. Rd7 Rc8 19. Ba4 Rb7 20.
Rxb7 Bxb7 21. Rd1 a5 22. h3 e6 23. Bb3 Rc5 24. Rd7 Bc8 25. Ra7 Kg7 26. Kh2 Kf6
27. f3 g5 28. e4 h5 29. Kg3 h4+ 30. Kf2 Kg6 31. Re7 Ba6 32. Bxe6 Bc4 33. Bxc4
Rxc4 34. Re5 Rc2+ 35. Kg1 Rxa2 36. Rf5 a4 37. Ra5 a3 38. Kf1 Ra1+ 39. Kf2 a2
40. Ra6+ Kg7 41. Ra5 f6 1/2-1/2

[Event "SR 2. liga A 2012/2013"]
[Site "?"]
[Date "2013.02.02"]
[Round "42.5"]
[White "Kundrak, Vladimir"]
[Black "Nemsak, Denis"]
[Result "1-0"]
[WhiteElo "1964"]
[BlackElo "1873"]
[PlyCount "101"]
[EventDate "2012.??.??"]
[WhiteTeam "Modra B"]
[BlackTeam "Piestany"]

1. d4 f5 2. g3 g6 3. Bg2 Bg7 4. c4 Nf6 5. Nc3 O-O 6. Nf3 d6 7. O-O Qe8 8. Qb3
c6 9. d5 Na6 10. Rd1 Nc5 11. Qc2 a5 12. b3 Bd7 13. Bb2 Rc8 14. Nd4 Qf7 15. e3
Nfe4 16. dxc6 bxc6 17. f3 Nf6 18. Qd2 g5 19. Rac1 Qh5 20. Nde2 Qg6 21. Ba3 Ne6
22. Na4 Rcd8 23. Bb2 f4 24. Nb6 fxg3 25. hxg3 Nc5 26. Nxd7 Nfxd7 27. Bxg7 Qxg7
28. Qxa5 Ne5 29. Nd4 Ra8 30. Qd2 Qg6 31. a4 Rab8 32. Rb1 Na6 33. Qe2 Nc5 34. a5
Qf6 35. b4 Na6 36. f4 gxf4 37. exf4 Ng6 38. Nxc6 Rbc8 39. b5 Nc5 40. Qb2 Qf5
41. Qd4 Qg4 42. Qd5+ e6 43. Qf3 Qf5 44. Rbc1 Na4 45. Kh2 h5 46. Bh3 Qc5 47.
Bxe6+ Kg7 48. Bxc8 h4 49. Bh3 hxg3+ 50. Qxg3 Rxf4 51. Rg1 1-0

[Event "SR 2. liga A 2012/2013"]
[Site "?"]
[Date "2013.02.02"]
[Round "42.6"]
[White "Curidlo, Jan"]
[Black "Karlik, Lukas"]
[Result "1/2-1/2"]
[WhiteElo "1880"]
[BlackElo "1947"]
[PlyCount "126"]
[EventDate "2012.??.??"]
[WhiteTeam "Piestany"]
[BlackTeam "Modra B"]

1. e4 d5 2. exd5 Qxd5 3. Nc3 Qa5 4. Nf3 Nf6 5. d3 c6 6. Bd2 Qc7 7. h3 Nbd7 8.
Be2 g6 9. a3 Bg7 10. Rb1 O-O 11. O-O b6 12. Qc1 Re8 13. Re1 e5 14. Bh6 Bb7 15.
Bxg7 Kxg7 16. Nd2 Nd5 17. Nce4 f5 18. Ng3 Nc5 19. b4 Ne6 20. Qb2 Kg8 21. Bf1
Ng5 22. Nc4 Nf7 23. Rbd1 Re7 24. Ne2 Rae8 25. Ne3 Nf4 26. Qa1 c5 27. b5 Ne6 28.
c3 Ba8 29. c4 Nd4 30. Nc3 Rd7 31. Qb1 Qd8 32. Ned5 Kg7 33. Qc1 f4 34. Kh1 Qh4
35. Qd2 Bxd5 36. Nxd5 g5 37. a4 g4 38. Nxf4 gxh3 39. Nxh3 Re6 40. Re4 Qh5 41.
Rde1 Rh6 42. R1e3 Rdd6 43. Rg3+ Rdg6 44. Rxg6+ hxg6 45. Be2 Qf5 46. Bg4 Qf6 47.
Kg1 Rh4 48. Qd1 Nh6 49. f3 Nf7 50. Qe1 Rh8 51. a5 Rd8 52. a6 Nc2 53. Qe2 Nb4
54. Nf2 Qg5 55. Be6 Qc1+ 56. Kh2 Rh8+ 57. Nh3 Ng5 58. Rxe5 Qf4+ 59. Kg1 Rxh3
60. Bxh3 Nxh3+ 61. gxh3 Qg3+ 62. Kh1 Qxh3+ 63. Kg1 Qg3+ 1/2-1/2

[Event "SR 2. liga A 2012/2013"]
[Site "?"]
[Date "2013.02.16"]
[Round "43.1"]
[White "Janos, Martin"]
[Black "Federic, Jozef"]
[Result "1-0"]
[WhiteElo "2230"]
[BlackElo "2299"]
[PlyCount "97"]
[EventDate "2012.??.??"]
[WhiteTeam "DP BA"]
[BlackTeam "Modra B"]

1. e4 c5 2. Nf3 e6 3. c4 Nc6 4. Nc3 Nf6 5. h3 d6 6. d4 cxd4 7. Nxd4 Be7 8. Be2
O-O 9. O-O a6 10. Be3 Qc7 11. Rc1 Nxd4 12. Qxd4 Bd7 13. Rfd1 h6 14. Bf3 Rac8
15. b3 Qb8 16. Qd2 Bc6 17. Bf4 Rfd8 18. Qe3 Nd7 19. Bg4 Ne5 20. Qg3 Ng6 21.
Bxe6 Nxf4 22. Bxc8 Bg5 23. Bg4 Ng6 24. Rc2 b5 25. cxb5 axb5 26. Nd5 Bxd5 27.
Rxd5 b4 28. Be2 Qb6 29. Rxg5 hxg5 30. Qxg5 Ne5 31. Bc4 Re8 32. Bd5 Qd4 33. Kh2
Kf8 34. Qf4 Qa7 35. Qg3 Qb8 36. f4 Nd7 37. Qd3 Nc5 38. Qc4 Rc8 39. Bxf7 d5 40.
Bxd5 Qxf4+ 41. g3 Qe3 42. Qf1+ Ke8 43. Qf7+ Kd8 44. Qf8+ Kd7 45. Qxg7+ Kd8 46.
Be6 Nxe6 47. Qg8+ Ke7 48. Qxc8 Qxe4 49. Qc4 1-0

[Event "SR 2. liga A 2012/2013"]
[Site "?"]
[Date "2013.02.16"]
[Round "43.2"]
[White "Dugovic, Branislav"]
[Black "Certek, Pavel"]
[Result "1/2-1/2"]
[WhiteElo "2183"]
[BlackElo "2315"]
[PlyCount "70"]
[EventDate "2012.??.??"]
[WhiteTeam "Modra B"]
[BlackTeam "DP BA"]

1. Nf3 g6 2. d4 Bg7 3. c4 Nf6 4. Nc3 d5 5. Bg5 Ne4 6. Bh4 Nxc3 7. bxc3 Be6 8.
cxd5 Bxd5 9. e3 c5 10. Be2 cxd4 11. cxd4 Qa5+ 12. Qd2 Qxd2+ 13. Kxd2 Nc6 14.
Rab1 b6 15. Rhc1 O-O 16. Bc4 Be4 17. Bd3 Bxd3 18. Kxd3 Rfc8 19. Rc2 e6 20. Kd2
Na5 21. Rbc1 Rxc2+ 22. Rxc2 b5 23. Rc7 h6 24. Be7 Nc4+ 25. Ke2 a6 26. Bc5 Bf6
27. Nd2 Bd8 28. Rb7 Na5 29. Rd7 f5 30. Kd3 Bf6 31. Rd6 Kf7 32. Rd7+ Kg8 33. Rd6
Kf7 34. Rd7+ Kg8 35. Rd6 Kf7 1/2-1/2

[Event "SR 2. liga A 2012/2013"]
[Site "?"]
[Date "2013.02.16"]
[Round "43.3"]
[White "Kleman, Miroslav"]
[Black "Mydlarik, Martin"]
[Result "1/2-1/2"]
[WhiteElo "2187"]
[BlackElo "2114"]
[PlyCount "40"]
[EventDate "2012.??.??"]
[WhiteTeam "DP BA"]
[BlackTeam "Modra B"]

1. d4 Nf6 2. Nf3 e6 3. Bg5 d5 4. e3 Be7 5. Nbd2 O-O 6. Bd3 c5 7. c3 cxd4 8.
exd4 Nc6 9. O-O h6 10. Bh4 b6 11. Re1 a5 12. Rc1 Ba6 13. Bb1 Rc8 14. Ne5 Nxe5
15. dxe5 Nd7 16. Qc2 g6 17. Bxe7 Qxe7 18. Nf3 Kg7 19. h4 h5 20. Nd4 Nc5 1/2-1/2

[Event "SR 2. liga A 2012/2013"]
[Site "?"]
[Date "2013.02.16"]
[Round "43.4"]
[White "Kundrak, Vladimir"]
[Black "Janos, Jozef"]
[Result "0-1"]
[WhiteElo "1964"]
[BlackElo "2152"]
[PlyCount "44"]
[EventDate "2012.??.??"]
[WhiteTeam "Modra B"]
[BlackTeam "DP BA"]

1. d4 Nf6 2. c4 e6 3. Nc3 Bb4 4. g3 O-O 5. Bg2 c5 6. Nf3 d5 7. O-O cxd4 8. Nxd4
e5 9. Nc2 Bxc3 10. bxc3 dxc4 11. Na3 Nc6 12. Nxc4 Be6 13. Qa4 Qc7 14. Ba3 Rfd8
15. Rfd1 Nd5 16. Bb2 a6 17. Qc2 b5 18. Nd2 Rac8 19. a4 Nd4 20. Qd3 Nxc3 21.
Bxc3 Qxc3 22. Qxc3 Nxe2+ 0-1

[Event "SR 2. liga A 2012/2013"]
[Site "?"]
[Date "2013.02.16"]
[Round "43.5"]
[White "Tepper, Frantisek"]
[Black "Karlik, Lukas"]
[Result "1-0"]
[WhiteElo "2162"]
[BlackElo "1947"]
[PlyCount "87"]
[EventDate "2012.??.??"]
[WhiteTeam "DP BA"]
[BlackTeam "Modra B"]

1. e4 d5 2. exd5 Qxd5 3. Nc3 Qa5 4. Bc4 Nf6 5. d3 c6 6. h3 e5 7. Nf3 Bd6 8. O-O
O-O 9. Ne4 Nxe4 10. dxe4 Qc7 11. Nh4 b5 12. Bb3 c5 13. Bd5 Nc6 14. Nf5 Bxf5 15.
exf5 Rfd8 16. Qf3 Rac8 17. c3 Be7 18. Be3 Nb8 19. Bb7 Nd7 20. Bxc8 Rxc8 21.
Rfd1 Nb6 22. b3 Bf6 23. Qe4 c4 24. Bxb6 Qxb6 25. b4 h6 26. a4 a6 27. axb5 axb5
28. Rd7 Rc7 29. Rad1 Rxd7 30. Rxd7 Qa6 31. Qd5 Qa1+ 32. Kh2 Qc1 33. Qf3 e4 34.
Qxe4 Qxc3 35. Rb7 Qe5+ 36. Qxe5 Bxe5+ 37. g3 c3 38. Rxb5 Bd6 39. Rb6 c2 40. Rc6
Bxb4 41. Rxc2 Kf8 42. Rc7 Bd6 43. Rb7 Be5 44. Kg2 1-0

[Event "SR 2. liga A 2012/2013"]
[Site "?"]
[Date "2013.02.16"]
[Round "43.6"]
[White "Sustak, Roman"]
[Black "Fabry, Robert"]
[Result "0-1"]
[WhiteElo "1917"]
[BlackElo "2165"]
[PlyCount "84"]
[EventDate "2012.??.??"]
[WhiteTeam "Modra B"]
[BlackTeam "DP BA"]

1. d4 c5 2. d5 b5 3. e4 a6 4. Nf3 d6 5. b3 Nf6 6. Nbd2 e5 7. dxe6 Bxe6 8. c4
bxc4 9. Bxc4 Bxc4 10. Nxc4 Be7 11. O-O O-O 12. Bb2 Ne8 13. Re1 Nc6 14. Qe2 a5
15. Rad1 a4 16. bxa4 Rxa4 17. Qc2 Ra6 18. a3 Qa8 19. Re3 Na5 20. Nfd2 Nxc4 21.
Nxc4 Qc8 22. f4 Qa8 23. Qe2 Qb7 24. Qg4 Bf6 25. e5 dxe5 26. fxe5 Be7 27. Rd7
Rg6 28. Qxg6 Qxd7 29. Qd3 Qe6 30. a4 Nc7 31. Qf1 Nd5 32. Rd3 Nb6 33. Nxb6 Qxb6
34. Qc1 c4+ 35. Bd4 Qe6 36. Rc3 Rc8 37. Qe3 Qd5 38. Rc2 Rd8 39. Rd2 Bc5 40.
Bxc5 Qxd2 41. Qe4 Qd5 42. Qe3 Qd1+ 0-1

[Event "SR 2. liga A 2012/2013"]
[Site "?"]
[Date "2013.02.16"]
[Round "43.7"]
[White "Mikulas, Dusan"]
[Black "Petrakovic, Kamil"]
[Result "1-0"]
[WhiteElo "2102"]
[BlackElo "1871"]
[PlyCount "83"]
[EventDate "2012.??.??"]
[WhiteTeam "DP BA"]
[BlackTeam "Modra B"]

1. e4 c5 2. Nf3 g6 3. d4 cxd4 4. Nxd4 Bg7 5. Nc3 d6 6. f4 e5 7. Nf3 Nc6 8. Bd3
Nge7 9. O-O O-O 10. Qe1 exf4 11. Kh1 Ne5 12. Bxf4 Nxf3 13. Rxf3 Nc6 14. Qd2 Be6
15. Bh6 Ne5 16. Bxg7 Nxf3 17. Qh6 Ne5 18. Bxf8 Qxf8 19. Qe3 Qe7 20. h3 b6 21.
Be2 Rc8 22. Rd1 Nc4 23. Bxc4 Bxc4 24. Qd4 Rc6 25. b3 Be6 26. Rd2 Qg5 27. Ne2
Qa5 28. c4 b5 29. cxb5 Qxb5 30. Qxa7 Rc5 31. Rxd6 Rc2 32. Qd4 Rc8 33. Ng3 Qg5
34. Kh2 h5 35. Qd2 Qf6 36. Qd4 Qg5 37. Qd2 Qf6 38. Ne2 h4 39. Qf4 Qe7 40. Nd4
Rc3 41. Nc6 Qc7 42. Rd8+ 1-0

[Event "SR 2. liga A 2012/2013"]
[Site "?"]
[Date "2013.02.16"]
[Round "43.8"]
[White "Hlubovic, Michal"]
[Black "Kolman, Richard"]
[Result "0-1"]
[WhiteElo "1834"]
[BlackElo "2067"]
[PlyCount "56"]
[EventDate "2012.??.??"]
[WhiteTeam "Modra B"]
[BlackTeam "DP BA"]

1. e4 c5 2. Bc4 e6 3. d3 d5 4. exd5 exd5 5. Bb5+ Nc6 6. Bxc6+ bxc6 7. Nc3 Bd6
8. Nge2 Qc7 9. Ng3 Ne7 10. O-O h5 11. f4 h4 12. Nh5 Kf8 13. Qf3 Bf5 14. g4 hxg3
15. hxg3 Qd7 16. Rf2 Bg4 17. Qh1 Rxh5 18. Rh2 Qf5 19. Rxh5 Qxh5 20. Qxh5 Bxh5
21. Kf2 Nf5 22. Bd2 Re8 23. Rh1 g6 24. Rg1 Bg4 25. Rh1 Kg7 26. a3 Nd4 27. Rc1
Rh8 28. Rg1 Nf3 0-1

[Event "SR 2. liga A 2012/2013"]
[Site "?"]
[Date "2013.02.16"]
[Round "44.1"]
[White "Rohacek, Miroslav"]
[Black "Pagerka, Martin"]
[Result "0-1"]
[WhiteElo "2308"]
[BlackElo "2261"]
[PlyCount "62"]
[EventDate "2012.??.??"]
[WhiteTeam "KSN"]
[BlackTeam "Osuske B"]

1. Nf3 Nf6 2. g3 b6 3. Bg2 Bb7 4. c4 e6 5. O-O Be7 6. Nc3 c5 7. d4 cxd4 8. Nxd4
Bxg2 9. Kxg2 Qc8 10. Qd3 Nc6 11. b3 Nxd4 12. Qxd4 Qb7+ 13. e4 O-O 14. Bb2 Rfd8
15. Rad1 Rac8 16. f3 a6 17. a4 Bf8 18. Rd3 Ne8 19. Rfd1 Nc7 20. Qf2 b5 21. cxb5
axb5 22. Rxd7 Rxd7 23. Rxd7 bxa4 24. bxa4 Qb3 25. Rd2 Na6 26. Qd4 Nb4 27. a5 h6
28. Nb5 Nc2 29. Qd7 Qxb2 30. Nd6 Ne3+ 31. Kh3 Qxd2 0-1

[Event "SR 2. liga A 2012/2013"]
[Site "?"]
[Date "2013.02.16"]
[Round "44.2"]
[White "Cajka, Tibor"]
[Black "Kovac, Andrej"]
[Result "1-0"]
[WhiteElo "2170"]
[BlackElo "2148"]
[PlyCount "107"]
[EventDate "2012.??.??"]
[WhiteTeam "Osuske B"]
[BlackTeam "KSN"]

1. c4 e5 2. g3 g6 3. Bg2 Bg7 4. Nc3 d6 5. e3 Nc6 6. Nge2 f5 7. O-O Nf6 8. Rb1
Be6 9. d4 Bxc4 10. d5 Bxe2 11. Qxe2 Ne7 12. Qb5+ Qd7 13. Qxb7 O-O 14. Qa6 e4
15. Rd1 g5 16. Qc4 Ng6 17. Bf1 Ne5 18. Qa4 Nf3+ 19. Kg2 Qf7 20. Nb5 Ng4 21. h3
Nge5 22. Be2 h5 23. Nd4 Nxd4 24. Rxd4 h4 25. gxh4 g4 26. Rd1 Qh5 27. hxg4 Qxh4
28. Rh1 Qf6 29. g5 Qxg5+ 30. Kf1 Rf6 31. Bd2 Rg6 32. Ke1 Rh6 33. Rf1 Qg2 34.
Kd1 Ng4 35. Kc2 Nxf2 36. Rg1 Qh2 37. Qd7 Rh7 38. Rg6 Nh3 39. Re1 Rf8 40. Bc3
Rf7 41. Qc8+ Rf8 42. Qxc7 Rf7 43. Qb8+ Rf8 44. Qxa7 Rf7 45. Qb8+ Rf8 46. Qc7
Rf7 47. Qd8+ Rf8 48. Qe7 Rf7 49. Qxd6 f4 50. Qd8+ Rf8 51. Qe7 Rf7 52. Qe8+ Rf8
53. Qe6+ Kh8 54. Rxg7 1-0

[Event "SR 2. liga A 2012/2013"]
[Site "?"]
[Date "2013.02.16"]
[Round "44.3"]
[White "Kimerling, Martin"]
[Black "Bury, Rastislav"]
[Result "1-0"]
[WhiteElo "2027"]
[BlackElo "2099"]
[PlyCount "97"]
[EventDate "2012.??.??"]
[WhiteTeam "KSN"]
[BlackTeam "Osuske B"]

1. d4 Nf6 2. c4 g6 3. g3 Bg7 4. Bg2 O-O 5. Nc3 d6 6. Nf3 Nc6 7. O-O a6 8. d5
Na5 9. Nd2 c5 10. Qc2 Rb8 11. b3 b5 12. Bb2 bxc4 13. bxc4 Bh6 14. f4 e5 15.
Rab1 Ng4 16. Nd1 exf4 17. gxf4 Rxb2 18. Qxb2 Qe7 19. Qa3 Bg7 20. Qxa5 Bf5 21.
e4 Bd4+ 22. Nf2 Bc8 23. Qa3 Be3 24. Rb2 Bd4 25. h3 Ne3 26. Nf3 Nxc4 27. Qb3 Na5
28. Qc2 Bxb2 29. Qxb2 Bd7 30. Qc3 Nb7 31. Rb1 Bc8 32. e5 Bf5 33. Rb6 dxe5 34.
fxe5 c4 35. d6 Qd7 36. Nd4 Nc5 37. Qxc4 Ne6 38. Nxe6 Bxe6 39. Qxa6 Qd8 40. a4
Qg5 41. Qe2 Bd5 42. Ng4 Bxg2 43. Qxg2 Qc1+ 44. Qf1 Qc5+ 45. Qf2 Qc1+ 46. Kh2 h5
47. Nf6+ Kg7 48. d7 Qg5 49. Rb5 1-0

[Event "SR 2. liga A 2012/2013"]
[Site "?"]
[Date "2013.02.16"]
[Round "44.4"]
[White "Jozefek, Michal"]
[Black "Sebo, Viktor"]
[Result "1-0"]
[WhiteElo "2060"]
[BlackElo "2073"]
[PlyCount "55"]
[EventDate "2012.??.??"]
[WhiteTeam "Osuske B"]
[BlackTeam "KSN"]

1. d4 Nf6 2. c4 g6 3. Nc3 d5 4. cxd5 Nxd5 5. e4 Nxc3 6. bxc3 Bg7 7. Bc4 c5 8.
Ne2 Nc6 9. Be3 O-O 10. Rc1 Qc7 11. O-O Rd8 12. Qd2 Ne5 13. Bb3 Ng4 14. Bf4 e5
15. Bg3 Bh6 16. f4 Qa5 17. Bh4 Rd7 18. h3 cxd4 19. hxg4 d3 20. Ng3 Bxf4 21.
Rxf4 exf4 22. Qxf4 d2 23. Rf1 Qc5+ 24. Kh1 Qc7 25. e5 d1=Q 26. Bxd1 Rd3 27. Bf6
Qc5 28. Be2 1-0

[Event "SR 2. liga A 2012/2013"]
[Site "?"]
[Date "2013.02.16"]
[Round "44.5"]
[White "Padysak, Tomas"]
[Black "Spacek, Oliver"]
[Result "1-0"]
[WhiteElo "2035"]
[BlackElo "1977"]
[PlyCount "93"]
[EventDate "2012.??.??"]
[WhiteTeam "KSN"]
[BlackTeam "Osuske B"]

1. e4 c5 2. Nf3 e6 3. d4 cxd4 4. Nxd4 a6 5. Nc3 b5 6. Bd3 Qb6 7. Nb3 Qc7 8. O-O
Bb7 9. f4 Nf6 10. e5 b4 11. exf6 bxc3 12. Qe1 Qb6+ 13. Qf2 Qc7 14. Qd4 gxf6 15.
Qxc3 Nc6 16. Be4 d5 17. Bf3 Bg7 18. Be3 O-O 19. f5 Qe5 20. Qxe5 fxe5 21. Nc5 e4
22. f6 Bxf6 23. Bh5 Bg7 24. Nxb7 d4 25. Bf4 e5 26. Bg5 f6 27. Bh4 Rab8 28. Nc5
Rxb2 29. Ne6 Rxc2 30. Nxf8 Bxf8 31. Bxf6 d3 32. Bg5 Bc5+ 33. Kh1 e3 34. Bf7+
Kg7 35. Bb3 Rb2 36. Rfe1 e2 37. Bc1 Rxb3 38. axb3 Bb4 39. Be3 Nd4 40. Kg1 Nc2
41. Kf2 a5 42. Rec1 Nd4 43. Bxd4 exd4 44. Rc4 Bd2 45. Rxd4 Bc3 46. Rd7+ Kf6 47.
Rb1 1-0

[Event "SR 2. liga A 2012/2013"]
[Site "?"]
[Date "2013.02.16"]
[Round "44.6"]
[White "Pericka, Tomas"]
[Black "Vrtiakova, Anna"]
[Result "1-0"]
[WhiteElo "2029"]
[BlackElo "1699"]
[PlyCount "63"]
[EventDate "2012.??.??"]
[WhiteTeam "Osuske B"]
[BlackTeam "KSN"]

1. e4 c5 2. Nf3 d6 3. Bb5+ Bd7 4. Bxd7+ Qxd7 5. O-O Nc6 6. c3 Nf6 7. Re1 e6 8.
d4 cxd4 9. cxd4 Be7 10. Nc3 O-O 11. Bg5 Rfe8 12. e5 dxe5 13. dxe5 Nd5 14. Nxd5
Qxd5 15. Qe2 Bxg5 16. Rad1 Qc5 17. Nxg5 Qe7 18. Qh5 h6 19. Ne4 Red8 20. Nd6 Rd7
21. Rd3 Rad8 22. f4 Kh8 23. Rg3 Nd4 24. Qg4 Rg8 25. Ne4 Rdd8 26. Rh3 Nf5 27.
Qf3 Nd4 28. Qf2 Nc6 29. Rh5 a6 30. Qg3 Nd4 31. Qh3 Rge8 32. Rxh6+ 1-0